[Event "Druzynowe Mistrzostwa Polski Juniorow - Ekstraliga 2018"]
[Site "Kudowa-Zdroj"]
[Date "1899-12-30"]
[Round "7.18"]
[White "Arciszewska, Zuzanna"]
[Black "Dylag, Emilia"]
[Result "0-1"]
[WhiteTitle "I"]
[BlackTitle "k"]
[WhiteElo "1301"]
[BlackElo "1989"]

1. d4 Nf6 2. Nf3 g6 3. e3 Bg7 4. Be2 d6 5. b3 O-O 6. Bb2 Nbd7 7. O-O c6 8. c4 Qc7
9. Nc3 Re8 10. Rc1 e5 11. Qc2 Nf8 12. Qd1 a5 13. h3 Bf5 14. Ba3 Rad8 15. Qe1 e4
16. Nd2 h5 17. Na4 b6 18. Nc3 N8h7 19. c5 dxc5 20. dxc5 b5 21. Bb2 Nd7 22. Nd1
Bxb2 23. Nxb2 Qe5 24. Rc2 Nxc5 25. Qc1 Rd5 26. a4 Na6 27. Rxc6 Nb4 28. Rb6 Rc8
29. Ndc4 bxc4 30. Nxc4 Qe7 31. Qb2 Ng5 32. Qa3 Nxh3+ 33. gxh3 Bxh3 34. Kh2 Bxf1
35. Bxf1 Qh4+ 36. Bh3 Qxf2+ 37. Bg2 Rg5 38. Rxg6+ Rxg6 39. Kh3 Qg3# 0-1

[Event "Druzynowe Mistrzostwa Polski Juniorow - Ekstraliga 2018"]
[Site "Kudowa-Zdroj"]
[Date "1899-12-30"]
[Round "7.19"]
[White "Gazik, Viktor"]
[Black "Szustakowski, Antoni"]
[Result "1-0"]
[WhiteTitle "IM"]
[BlackTitle "FM"]
[WhiteElo "2501"]
[BlackElo "2330"]

1. g3 d5 2. Bg2 Nf6 3. d3 e6 4. f4 g6 5. Nf3 Bg7 6. O-O O-O 7. Qe1 Nc6 8. c3 Re8
9. Ne5 Qd6 10. h3 Nxe5 11. fxe5 Qb6+ 12. d4 Nd7 13. b3 f6 14. Qf2 Rf8 15. Ba3
c5 16. dxc5 Qc6 17. exf6 Rxf6 18. Qe3 Rxf1+ 19. Kxf1 b6 20. cxb6 axb6 21. Bb2
Qd6 22. Nd2 Be5 23. Nc4 dxc4 24. Bxa8 Bxg3 25. Kg2 Be5 26. Rf1 Nf6 27. bxc4 Bd7
28. Qf3 Be8 29. Bc1 Nh5 30. Bh6 Ng7 31. e4 Qe7 32. Kh1 Bf7 33. Bc6 Nh5 34. Bg5
Qc7 35. Kg2 Bg7 36. Bb5 e5 37. Rd1 Nf4+ 38. Bxf4 exf4 39. Rd7 Qe5 40. Bc6 Kf8
41. Bd5 Be8 42. Rb7 h5 43. Qf2 Qg5+ 44. Kf1 Bf6 45. Qxb6 f3 46. Qd6+ Be7 47. Qxe7+
Qxe7 48. Rxe7 Kxe7 49. h4 Kd6 50. Kf2 Ke5 51. Kxf3 Bd7 52. c5 Be8 53. c6 Kd6 54.
Kf4 1-0

[Event "Druzynowe Mistrzostwa Polski Juniorow - Ekstraliga 2018"]
[Site "Kudowa-Zdroj"]
[Date "1899-12-30"]
[Round "7.20"]
[White "Kowalski, Igor"]
[Black "Godzwon, Iwo"]
[Result "0-1"]
[WhiteTitle "FM"]
[BlackTitle "k"]
[WhiteElo "2324"]
[BlackElo "2218"]

1. d4 Nf6 2. c4 e6 3. Nf3 Bb4+ 4. Nbd2 O-O 5. a3 Be7 6. e3 d5 7. Bd3 c5 8. dxc5
Bxc5 9. b4 Be7 10. Bb2 a5 11. b5 Nbd7 12. O-O b6 13. cxd5 Nc5 14. Be2 Nxd5 15.
Nd4 Bb7 16. Nc4 Bf6 17. Bf3 Qc7 18. e4 Nf4 19. e5 Bxe5 20. Nxe5 Qxe5 21. Bxb7
Nxb7 22. Re1 Qh5 23. Qxh5 Nxh5 24. Nc6 Nf4 25. Bd4 Nd5 26. Rac1 a4 27. Ne5 Nd6
28. Nd7 Rfc8 29. Bxb6 Nxb5 30. Bc5 Rc7 31. Ne5 Rac8 32. Nd3 Ndc3 33. Kf1 Rxc5
34. Nxc5 Rxc5 35. Re3 Kf8 36. Ke1 Ke7 37. Kd2 Kd6 38. Rd3+ Kc6 39. f3 Nd5 40.
Rd4 Nxd4 0-1

[Event "Druzynowe Mistrzostwa Polski Juniorow - Ekstraliga 2018"]
[Site "Kudowa-Zdroj"]
[Date "1899-12-30"]
[Round "7.21"]
[White "Oborski, Artur"]
[Black "Iwaszkiewicz, Krzysztof"]
[Result "1/2-1/2"]
[WhiteTitle "I+"]
[BlackTitle "II+"]
[WhiteElo "1821"]
[BlackElo "1683"]

1. d4 d5 2. c4 c6 3. Nf3 Nf6 4. Nc3 g6 5. cxd5 cxd5 6. Bf4 a6 7. e3 Bf5 8. Qb3
b5 9. Ne5 e6 10. Be2 h5 11. O-O Nbd7 12. Rac1 Nxe5 13. Bxe5 Be7 14. a4 b4 15.
Bxf6 Bxf6 16. Qxb4 Be7 17. Qb3 O-O 18. Rfd1 Kg7 19. Bd3 Bd6 20. Bxf5 gxf5 21.
Qc2 Qh4 22. h3 Rg8 23. Qe2 Kh7 24. Qf3 Rg7 25. Kh1 Rag8 26. Rg1 f4 27. e4 Rg3
28. fxg3 Rxg3 29. Qxg3 Qxg3 30. e5 f3 31. exd6 fxg2+ 32. Rxg2 Qxh3+ 33. Rh2 Qf3+
34. Rg2 Qh3+ 1/2-1/2

[Event "Druzynowe Mistrzostwa Polski Juniorow - Ekstraliga 2018"]
[Site "Kudowa-Zdroj"]
[Date "1899-12-30"]
[Round "7.22"]
[White "Rak, Jacek"]
[Black "Bogusz, Alan"]
[Result "0-1"]
[WhiteTitle "II"]
[BlackTitle "I"]
[WhiteElo "1457"]
[BlackElo "1637"]

1. e4 c5 2. Nf3 d6 3. d4 cxd4 4. Nxd4 Nf6 5. Nc3 a6 6. Be3 e5 7. Nb3 Be6 8. Be2
Be7 9. O-O O-O 10. f4 exf4 11. Bxf4 Nc6 12. Kh1 Ne5 13. Qe1 Nfd7 14. Rd1 b5 15.
a3 Qc7 16. Nd4 Rad8 17. Nd5 Bxd5 18. exd5 Bf6 19. c3 Ng6 20. Bg3 Bxd4 21. Rxd4
Nge5 22. Qd2 g6 23. Bf4 f6 24. h4 Nc5 25. Qc2 Rf7 26. Rdd1 Ncd7 27. g4 Re8 28.
Rg1 Rfe7 29. g5 f5 30. Rg2 Nc5 31. Rh2 Ne4 32. Bd3 Ng4 33. Rg2 Qb6 34. Rf1 Qc5
35. Bxe4 Rxe4 36. Qd2 Qc4 37. b4 Qxf1+ 0-1

[Event "Druzynowe Mistrzostwa Polski Juniorow - Ekstraliga 2018"]
[Site "Kudowa-Zdroj"]
[Date "1899-12-30"]
[Round "7.23"]
[White "Jarocka, Liwia"]
[Black "Malicka, Maria"]
[Result "1/2-1/2"]
[WhiteTitle "FM"]
[BlackTitle "WCM"]
[WhiteElo "1984"]
[BlackElo "2174"]

1. e4 e5 2. Nf3 Nc6 3. Bb5 a6 4. Ba4 Nf6 5. O-O b5 6. Bb3 Bc5 7. a4 Rb8 8. axb5
axb5 9. Nxe5 Nxe5 10. d4 Bxd4 11. Qxd4 d6 12. f4 Nc6 13. Qc3 Ne7 14. Ra7 c5 15.
e5 Nfd5 16. Bxd5 Nxd5 17. Qf3 Qb6 18. Rxf7 Kxf7 19. Qxd5+ Be6 20. Qd1 Bf5 21.
Nc3 c4+ 22. Kh1 Qc6 23. Qh5+ g6 24. Qh4 Qc5 25. Qf6+ Kg8 26. Be3 Rf8 27. Qxf8+
Kxf8 28. Bxc5 dxc5 29. Nxb5 Bxc2 30. Nd6 Bd3 31. Rc1 Ke7 32. Nxc4 Rb8 33. Kg1
Ke6 34. Ne3 g5 35. g3 gxf4 36. gxf4 Rb4 37. Rd1 Rd4 38. b4 c4 39. Nxc4 Rxc4 40.
Rxd3 Rxf4 41. Rb3 Kxe5 42. b5 Kd6 43. b6 Rf8 44. Kg2 Kc6 45. Rh3 Kxb6 46. Rxh7
Kc6 47. Re7 Kd6 48. Re3 Rf6 49. h4 Re6 50. Rf3 Ke7 51. Kg3 Rf6 52. Ra3 Kf7 53.
h5 Kg7 54. Kg4 Kh6 55. Ra4 Rb6 56. Rf4 Ra6 1/2-1/2

[Event "Druzynowe Mistrzostwa Polski Juniorow - Ekstraliga 2018"]
[Site "Kudowa-Zdroj"]
[Date "1899-12-30"]
[Round "7.24"]
[White "Mezykowska, Emilia"]
[Black "Hertlein, Irena"]
[Result "1/2-1/2"]
[WhiteTitle "I"]
[BlackTitle "I+"]
[WhiteElo "1622"]
[BlackElo "1545"]

1. e4 c5 2. Nf3 Nc6 3. c3 e5 4. Bc4 Qc7 5. d3 Nf6 6. a4 d6 7. O-O Be7 8. Re1 O-O
9. Nbd2 a6 10. Nf1 Rb8 11. Ne3 b5 12. axb5 axb5 13. Bb3 b4 14. c4 Qb7 15. Ba4
Bd8 16. b3 Ng4 17. Nxg4 Bxg4 18. Bxc6 Bxf3 19. Bxb7 Bxd1 20. Rxd1 Rxb7 21. Be3
Be7 22. Ra6 f6 23. Rda1 Rfb8 24. Ra7 Kf7 25. f3 Bf8 26. Kf2 Be7 27. g4 g5 28.
Kg3 h6 29. h4 Kg7 30. h5 Kf7 31. Rxb7 Rxb7 1/2-1/2

[Event "Druzynowe Mistrzostwa Polski Juniorow - Ekstraliga 2018"]
[Site "Kudowa-Zdroj"]
[Date "1899-12-30"]
[Round "7.25"]
[White "Chylewski, Patryk"]
[Black "Koziol, Kamil"]
[Result "1/2-1/2"]
[WhiteTitle "FM"]
[BlackTitle "FM"]
[WhiteElo "2335"]
[BlackElo "2257"]

1. e4 c5 2. Nf3 e6 3. d4 cxd4 4. Nxd4 Nc6 5. Nc3 Qc7 6. g3 a6 7. Bg2 d6 8. O-O
Bd7 9. Nb3 h5 10. h3 Be7 11. f4 Na5 12. Nxa5 Qxa5 13. Be3 Bc6 14. Qd2 Qc7 15.
Qf2 b5 16. e5 Bxg2 17. exd6 Bxd6 18. Qxg2 Rc8 19. f5 e5 20. Kh1 Nf6 21. Bg5 b4
22. Ne2 Qc6 23. Bxf6 Qxg2+ 24. Kxg2 Rxc2 25. Bxg7 Rg8 26. Rac1 Rxc1 27. Rxc1 Rxg7
28. Kf3 Kd7 29. Ke4 Rg8 30. Rc4 a5 31. b3 a4 32. Rc2 f6 33. Rc4 Ra8 34. Rc2 Rg8
35. Rc4 Ra8 36. Rc2 1/2-1/2

[Event "Druzynowe Mistrzostwa Polski Juniorow - Ekstraliga 2018"]
[Site "Kudowa-Zdroj"]
[Date "1899-12-30"]
[Round "7.27"]
[White "Redzisz, Michal"]
[Black "Oleksy, Krzysztof"]
[Result "1-0"]
[WhiteTitle "I"]
[BlackTitle "I"]
[WhiteElo "1937"]
[BlackElo "1813"]

1. e4 c5 2. Nf3 Nc6 3. d4 cxd4 4. Nxd4 Nf6 5. Nc3 d6 6. Be3 Ng4 7. Qd2 Nxe3 8.
Qxe3 Bd7 9. Nb3 g6 10. Be2 Bg7 11. O-O O-O 12. Nd1 a5 13. c3 a4 14. Nd2 a3 15.
b3 Nb4 16. Rc1 Na6 17. Nc4 b5 18. Nxa3 Nc7 19. Nc2 Rxa2 20. c4 bxc4 21. Bxc4 Nb5
22. Nb4 Ra3 23. Nc2 Ra8 24. Qd3 Qb8 25. Nde3 Na3 26. Nxa3 Rxa3 27. Nc2 Ra5 28.
b4 Rh5 29. g3 Ba4 30. Rb1 Qc8 31. f3 Qh3 32. Rf2 Bxc2 33. Rxc2 Rd8 34. b5 d5 35.
exd5 Be5 36. f4 Bd6 37. b6 g5 38. f5 Bc5+ 39. Kh1 Bd6 40. Kg1 Bc5+ 41. Kh1 Bd6
42. Rg2 Bb8 43. Rb3 g4 44. Qe4 Bd6 45. Be2 Rg5 46. b7 Rb8 47. Rf2 Qh6 48. Bxg4
Qg7 49. Be2 Qf6 50. Bf1 Kh8 51. Rg2 Qxf5 52. Qxf5 Rxf5 53. Bc4 Rg5 54. Ra2 Rgg8
55. Kg2 Kg7 56. Rf2 f6 57. Re2 Kf8 58. Bd3 h6 59. Bf5 Rg5 60. Be6 Re5 61. Rc2
Kg7 62. Kf3 Kh7 63. Re2 Rxe2 64. Kxe2 Kg6 65. Bc8 h5 66. Kf3 Kg5 67. Ke4 h4 68.
gxh4+ Kxh4 69. h3 Kg5 70. Rf3 Kg6 71. Rf2 Kh7 72. Kf5 Bc7 73. Re2 Bd6 74. Re6
Bc5 75. Re4 Bd6 76. Rg4 Kh6 77. Rh4+ Kg7 78. Rh5 Bc5 79. Ke6 Bd6 80. Rf5 Bc5 81.
Rf3 Kg6 82. Rg3+ Kh6 83. Rg8 Kh7 84. Re8 Kg7 85. Rxe7+ Kg6 86. Rf7 1-0

[Event "Druzynowe Mistrzostwa Polski Juniorow - Ekstraliga 2018"]
[Site "Kudowa-Zdroj"]
[Date "1899-12-30"]
[Round "7.28"]
[White "Seemann, Jakub"]
[Black "Marcinczyk, Monika"]
[Result "1/2-1/2"]
[WhiteTitle "I"]
[BlackTitle "WCM"]
[WhiteElo "1814"]
[BlackElo "1891"]

1. e4 c5 2. Nf3 Nc6 3. d4 cxd4 4. Nxd4 g6 5. c4 Bg7 6. Be3 Nf6 7. Nc3 d6 8. Be2
O-O 9. O-O Bd7 10. h3 Nxd4 11. Bxd4 Bc6 12. Qc2 a5 13. Rad1 Qc7 14. f4 Nd7 15.
Bxg7 Kxg7 16. Nd5 Bxd5 17. exd5 Kg8 18. Rde1 Rfe8 19. Bd3 Rac8 20. f5 Ne5 21.
fxg6 hxg6 22. Kh1 Nxd3 23. Qxd3 Qxc4 24. Qf3 f6 25. b3 Qd4 26. Rd1 Qe5 27. Qg4
Kf7 28. Rf2 Rc5 29. Re2 Qf5 30. Qh4 g5 31. Qh5+ Qg6 32. Qg4 Qh7 33. Rf1 Qd3 34.
Qe6+ Kg7 35. Rxf6 exf6 36. Qxe8 Rc7 37. Re7+ Rxe7 38. Qxe7+ Kg6 39. Qxd6 Qe4 40.
Kh2 Qd4 41. a3 b5 42. b4 axb4 43. axb4 Qe4 44. Qc5 Qe5+ 45. Kh1 Qe1+ 46. Qg1 Qxb4
47. Qd1 Kf7 48. d6 Qa5 49. Qd5+ Kf8 50. Kh2 Qd8 51. Qc5 Qd7 52. g3 Kf7 53. h4
gxh4 54. gxh4 Ke6 55. h5 Qh7 56. Kg3 b4 57. Qc4+ Kxd6 58. Qxb4+ Ke6 59. Qg4+ Ke7
60. Kf4 Qh6+ 61. Ke4 f5+ 1/2-1/2

[Event "Druzynowe Mistrzostwa Polski Juniorow - Ekstraliga 2018"]
[Site "Kudowa-Zdroj"]
[Date "1899-12-30"]
[Round "7.29"]
[White "Moscicka, Pola"]
[Black "Kucharska, Honorata"]
[Result "1/2-1/2"]
[WhiteTitle "k+"]
[BlackTitle "WFM"]
[WhiteElo "1934"]
[BlackElo "2029"]

1. d4 Nf6 2. c4 c5 3. d5 e6 4. Nc3 exd5 5. cxd5 d6 6. g3 g6 7. Bg2 Bg7 8. Nf3 O-O
9. O-O a6 10. a4 Re8 11. Nd2 Nbd7 12. h3 Rb8 13. a5 b5 14. axb6 Nxb6 15. Qc2 Nh5
16. e4 Bb7 17. Kh2 Bc8 18. Bf3 Re5 19. b3 Nf6 20. Kg2 h5 21. Be2 Qd7 22. Rh1 Ra8
23. Bb2 Re8 24. f4 Bb7 25. Bf3 Rac8 26. Nc4 Nxc4 27. bxc4 Rb8 28. Rae1 Nh7 29.
g4 h4 30. Ba1 g5 31. Ne2 Qe7 32. Bxg7 Kxg7 33. Qd2 f6 34. Rhf1 Kg8 35. Kh1 Rf8
36. Bg2 Rbe8 37. Rf2 Rf7 38. Ref1 Ref8 39. Nc3 Qe8 40. Nd1 Bc8 41. Ne3 Qe7 42.
Qc2 1/2-1/2

[Event "Druzynowe Mistrzostwa Polski Juniorow - Ekstraliga 2018"]
[Site "Kudowa-Zdroj"]
[Date "1899-12-30"]
[Round "7.30"]
[White "Kroliczek, Gabriela"]
[Black "Trzaskowska, Hanna"]
[Result "1-0"]
[WhiteTitle "I++"]
[BlackTitle "I"]
[WhiteElo "1736"]
[BlackElo "1505"]

1. d4 Nf6 2. c4 e6 3. Nc3 Bb4 4. Qc2 O-O 5. Bg5 h6 6. Bh4 d5 7. e3 c6 8. Bd3 dxc4
9. Bxc4 b5 10. Bd3 Nbd7 11. Nge2 Qa5 12. O-O Nd5 13. a3 Nxc3 14. Nxc3 Bxc3 15.
bxc3 Bb7 16. a4 bxa4 17. Rxa4 Qh5 18. Bg3 f5 19. Qb3 Nb6 20. Qxe6+ Kh8 21. Rb4
Rae8 22. Qa2 Bc8 23. c4 Nd7 24. Qxa7 g5 25. Bd6 f4 26. Bxf8 f3 27. Bd6 Ne5 28.
Qh7# 1-0

[Event "Druzynowe Mistrzostwa Polski Juniorow - Ekstraliga 2018"]
[Site "Kudowa-Zdroj"]
[Date "1899-12-30"]
[Round "8.1"]
[White "Lukasiewicz, Krzysztof"]
[Black "Koziol, Kamil"]
[Result "1/2-1/2"]
[WhiteTitle "k"]
[BlackTitle "FM"]
[WhiteElo "2247"]
[BlackElo "2257"]

1. d4 Nf6 2. Bf4 e6 3. e3 d5 4. Nf3 c5 5. Nbd2 Nc6 6. c3 Bd6 7. Bg3 Qe7 8. Ne5
Nd7 9. Nxd7 Bxd7 10. Bd3 e5 11. dxc5 Bxc5 12. O-O f5 13. c4 d4 14. exd4 Bxd4 15.
Nf3 O-O 16. Nxd4 Nxd4 17. f4 e4 18. Bxe4 Qxe4 19. Re1 Qc2 20. Qxd4 Bc6 21. Bf2
Rad8 22. Rac1 Rxd4 23. Rxc2 Rxf4 24. Bxa7 Ra8 25. Be3 Re4 26. b3 Rae8 27. Kf2
f4 28. Bd2 Rxe1 29. Bxe1 Bxg2 30. Kxg2 Rxe1 31. Rd2 g5 32. Kf3 h6 33. Rd7 Re3+
34. Kf2 Rh3 35. Kg1 Rc3 36. Rxb7 Rc1+ 37. Kf2 g4 38. Re7 h5 39. Re5 Rc2+ 40. Re2
Rc3 41. Re5 Rc2+ 42. Re2 Rc3 43. Re5 1/2-1/2

[Event "Druzynowe Mistrzostwa Polski Juniorow - Ekstraliga 2018"]
[Site "Kudowa-Zdroj"]
[Date "1899-12-30"]
[Round "8.2"]
[White "Posluszny, Tomasz"]
[Black "Sernecki, Franciszek"]
[Result "1/2-1/2"]
[WhiteTitle "I+"]
[BlackTitle "I+"]
[WhiteElo "1912"]
[BlackElo "2175"]

1. d4 d5 2. c4 e6 3. Nc3 Nf6 4. cxd5 exd5 5. Bg5 Be7 6. Qc2 h6 7. Bh4 O-O 8. e3
Nbd7 9. Bd3 c5 10. dxc5 Nxc5 11. Nge2 b6 12. O-O Bb7 13. Rfd1 Rc8 14. Bf5 Ne6
15. f3 Bc5 16. Bf2 Qe7 17. Nd4 Rfd8 18. Rac1 a6 19. Nb3 Bd6 20. Qb1 b5 21. Ne2
Rc4 22. Bd3 Rcc8 23. Ned4 Nxd4 24. Nxd4 Qe5 25. g3 Bb8 26. Rxc8 Rxc8 27. Rc1 Rxc1+
28. Qxc1 Qc7 29. Qxc7 Bxc7 30. Be1 Be5 31. Bb4 Nd7 32. b3 g6 33. Kf2 Bg7 34. Ke2
Ne5 35. Bd6 Nxd3 36. Kxd3 Bxd4 37. Kxd4 f6 38. Kc5 Kf7 39. Kb6 Bc8 40. Kc7 Bf5
41. Kb6 Bc8 1/2-1/2

[Event "Druzynowe Mistrzostwa Polski Juniorow - Ekstraliga 2018"]
[Site "Kudowa-Zdroj"]
[Date "1899-12-30"]
[Round "8.3"]
[White "Kosior, Jan"]
[Black "Oleksy, Krzysztof"]
[Result "0-1"]
[WhiteTitle "II"]
[BlackTitle "I"]
[WhiteElo "1466"]
[BlackElo "1813"]

1. e4 c5 2. Nf3 a6 3. d4 cxd4 4. Nxd4 Nf6 5. Nc3 e5 6. Nf5 d5 7. Bg5 d4 8. Bxf6
gxf6 9. Nb1 Qb6 10. Qc1 Be6 11. Bd3 Nc6 12. a3 O-O-O 13. Nd2 Rg8 14. O-O Ne7 15.
Nc4 Qc6 16. Na5 Qc7 17. b4 Nxf5 18. exf5 Bd5 19. f3 h5 20. Qe1 Bh6 21. Rb1 Be3+
22. Kh1 b5 23. a4 Rg5 24. axb5 axb5 25. Qe2 Rdg8 26. Be4 Rxg2 27. Qxb5 Bxe4 28.
fxe4 Rxh2+ 29. Kxh2 Qxc2+ 0-1

[Event "Druzynowe Mistrzostwa Polski Juniorow - Ekstraliga 2018"]
[Site "Kudowa-Zdroj"]
[Date "1899-12-30"]
[Round "8.4"]
[White "Seemann, Jakub"]
[Black "Wieczorek, Mikolaj"]
[Result "0-1"]
[WhiteTitle "I"]
[BlackTitle "I"]
[WhiteElo "1814"]
[BlackElo "1651"]

1. e4 c5 2. Nf3 Nc6 3. d4 cxd4 4. Nxd4 e5 5. Nb5 d6 6. N1c3 a6 7. Na3 Be7 8. Nd5
Nf6 9. Be3 Nxd5 10. exd5 Nd4 11. Bd3 Nf5 12. Bd2 O-O 13. O-O Nh4 14. Nc4 b6 15.
f4 Bb7 16. Be3 b5 17. Nb6 Rb8 18. f5 Bg5 19. Qe2 e4 20. Bxe4 Re8 21. Bxg5 Qxb6+
22. Kh1 Bxd5 23. Bxh4 Rxe4 24. Qh5 Rbe8 25. Qg5 h6 26. Qd2 Qc6 27. Rfe1 Bc4 28.
Qf2 Re2 29. Rxe2 Rxe2 30. Qg3 Bd5 31. Rg1 Qxc2 32. h3 Qxb2 33. f6 g6 34. Qg4 Qc2
35. Be1 Bxg2+ 36. Rxg2 Rxe1+ 37. Kh2 Qc5 38. Rd2 Qe5+ 39. Kg2 Qe4+ 40. Qxe4 Rxe4
41. Rxd6 Re6 42. Rd8+ Kh7 43. Kf3 Rxf6+ 44. Ke4 Rf2 45. a3 Ra2 46. Rd3 a5 47.
Kd5 b4 48. axb4 axb4 49. Kc4 Ra3 50. Rd7 Kg7 51. h4 Rh3 52. Kxb4 Rxh4+ 53. Kc3
Re4 54. Kd3 Re6 55. Kd2 g5 56. Kd1 h5 57. Kd2 h4 58. Kd1 h3 59. Rd2 g4 60. Rh2
Kg6 61. Rh1 Kg5 62. Rh2 Kf4 63. Rh1 g3 64. Rxh3 g2 65. Rh4+ Kg5 66. Rh8 g1=Q+
67. Kd2 Qd4+ 68. Kc2 Rc6+ 69. Kb3 Rc3+ 70. Kb2 Qd2+ 71. Kb1 Rc1# 0-1

[Event "Druzynowe Mistrzostwa Polski Juniorow - Ekstraliga 2018"]
[Site "Kudowa-Zdroj"]
[Date "1899-12-30"]
[Round "8.5"]
[White "Frej, Zofia"]
[Black "Cieslak, Wiktoria"]
[Result "1-0"]
[WhiteTitle "k"]
[BlackTitle "k++"]
[WhiteElo "1938"]
[BlackElo "1931"]

1. e4 c5 2. Nf3 d6 3. d4 Nf6 4. Nc3 cxd4 5. Nxd4 a6 6. Bc4 e6 7. a3 Be7 8. O-O
O-O 9. Be3 b5 10. Ba2 Qc7 11. f3 Nc6 12. Qe2 Bd7 13. Nxc6 Bxc6 14. Rad1 Rac8 15.
Rd2 Rfd8 16. Rfd1 h6 17. Qf2 Rd7 18. Bd4 d5 19. e5 Nh7 20. Re1 b4 21. axb4 Bxb4
22. f4 Bb7 23. Rd3 Bc5 24. Ne2 Nf8 25. c3 Ng6 26. Bb1 Ne7 27. Rg3 a5 28. Bxc5
Qxc5 29. Nd4 Rdc7 30. f5 exf5 31. e6 f6 32. Bxf5 Nc6 33. e7 Re8 34. Rxg7+ Kxg7
35. Ne6+ Kf7 36. Nxc5 Rcxe7 37. Be6+ Kg7 38. Re3 Bc8 39. Rg3+ Kh7 40. Qf5+ Kh8
41. Qxf6+ Kh7 42. Qg6+ Kh8 43. Qxh6+ 1-0

[Event "Druzynowe Mistrzostwa Polski Juniorow - Ekstraliga 2018"]
[Site "Kudowa-Zdroj"]
[Date "1899-12-30"]
[Round "8.6"]
[White "Kroliczek, Gabriela"]
[Black "Scisla, Oliwia"]
[Result "0-1"]
[WhiteTitle "I++"]
[BlackTitle "I+"]
[WhiteElo "1736"]
[BlackElo "1345"]

1. e4 c6 2. d4 d5 3. Nc3 dxe4 4. Nxe4 Bf5 5. Ng3 Bg6 6. N1e2 h6 7. Nf4 Bh7 8. Bc4
Nd7 9. O-O e5 10. Re1 Bd6 11. Nd3 Bxd3 12. Qxd3 Ne7 13. Ne4 Bc7 14. Ng3 O-O 15.
Bd2 Nd5 16. Qf3 N5f6 17. Bb4 Re8 18. Qb3 Nd5 19. Bxd5 cxd5 20. Qxd5 Nf6 21. Qxd8
Raxd8 22. dxe5 Bxe5 23. Rab1 Bxg3 24. hxg3 b6 25. Rbd1 Rxd1 26. Rxd1 Re2 27. Rc1
Ne4 28. Be1 Nc5 29. Kf1 Re5 30. Rd1 Kf8 31. Bc3 Re8 32. f3 f6 33. Bb4 Kf7 34.
Bxc5 bxc5 35. Rd5 Re5 36. Rxe5 fxe5 37. Ke2 Ke6 38. c4 g6 39. Ke3 Kf5 40. g4+
Ke6 41. Ke4 a6 42. a3 a5 43. a4 Kd6 44. g3 Ke6 45. Kd3 Kd6 46. Ke3 Ke7 47. f4
Kf6 48. Ke4 exf4 49. gxf4 Ke6 50. f5+ gxf5+ 51. gxf5+ Kf6 52. Kd5 h5 53. Kxc5
h4 54. Kb6 h3 55. Kxa5 h2 56. b4 h1=Q 57. Kb6 Qe4 58. Kb5 Qxf5+ 59. c5 Ke7 60.
a5 Kd8 61. Kb6 Qd7 62. a6 Qc7+ 63. Kb5 Qa7 64. Ka5 Kc7 65. Kb5 Qb8+ 66. Kc4 Kc6
67. a7 Qxa7 68. b5+ Kd7 69. Kb4 Ke6 70. b6 Qa6 71. Kc3 Kd5 72. Kb4 Qc4+ 73. Ka5
Kxc5 74. b7 Qb5# 0-1

[Event "Druzynowe Mistrzostwa Polski Juniorow - Ekstraliga 2018"]
[Site "Kudowa-Zdroj"]
[Date "1899-12-30"]
[Round "8.7"]
[White "Szustakowski, Antoni"]
[Black "Chylewski, Patryk"]
[Result "1/2-1/2"]
[WhiteTitle "FM"]
[BlackTitle "FM"]
[WhiteElo "2330"]
[BlackElo "2335"]

1. Nf3 Nf6 2. c4 e6 3. g3 b6 4. Bg2 Bb7 5. O-O c5 6. Nc3 Be7 7. Re1 O-O 8. e4 d6
9. d4 cxd4 10. Nxd4 Qc8 11. b3 a6 12. Bb2 Nbd7 13. a4 Qc7 14. Ba3 Rfd8 15. Bb4
Bf8 16. Re3 Rac8 17. a5 d5 18. Bxf8 Nxf8 19. e5 Ne4 20. Nxe4 dxe4 21. Bxe4 Bxe4
22. Rxe4 Nd7 23. axb6 Qxb6 24. Qf3 Nxe5 25. Rxe5 Qxd4 26. Rea5 Qd3 27. Qxd3 Rxd3
28. Rb1 Rc6 29. b4 g6 30. b5 axb5 31. cxb5 1/2-1/2

[Event "Druzynowe Mistrzostwa Polski Juniorow - Ekstraliga 2018"]
[Site "Kudowa-Zdroj"]
[Date "1899-12-30"]
[Round "8.8"]
[White "Sanz Wawer, Daniel"]
[Black "Kowalski, Igor"]
[Result "0-1"]
[WhiteTitle "k"]
[BlackTitle "FM"]
[WhiteElo "2233"]
[BlackElo "2324"]

1. e4 c6 2. d4 d5 3. e5 Bf5 4. Nf3 e6 5. Be2 Nd7 6. O-O h6 7. Nbd2 Ne7 8. Nb3 Bh7
9. Bd2 Nf5 10. c4 dxc4 11. Bxc4 Nb6 12. Be2 Nd5 13. Rc1 a5 14. Nc5 Bxc5 15. Rxc5
Qb6 16. Qc1 O-O 17. Bd3 Kh8 18. Rd1 Nxd4 19. Nxd4 Bxd3 20. Bxh6 Bg6 21. Rc4 Rad8
22. Nf3 Ne7 23. Rxd8 Rxd8 24. h3 Nf5 25. Bg5 Rd5 26. Nh4 Rxe5 27. Nxg6+ fxg6 28.
Rc2 c5 29. Rd2 Qc6 30. Qc3 Qe4 31. Rd8+ Kh7 32. Qxa5 Qb1+ 33. Kh2 Re1 34. g3 Qe4
0-1

[Event "Druzynowe Mistrzostwa Polski Juniorow - Ekstraliga 2018"]
[Site "Kudowa-Zdroj"]
[Date "1899-12-30"]
[Round "8.9"]
[White "Iwaszkiewicz, Krzysztof"]
[Black "Redzisz, Michal"]
[Result "0-1"]
[WhiteTitle "II+"]
[BlackTitle "I"]
[WhiteElo "1683"]
[BlackElo "1937"]

1. d4 Nf6 2. Bf4 d5 3. e3 e6 4. c3 c5 5. Nd2 Bd6 6. Bg3 O-O 7. Ngf3 Qc7 8. Qc2
Nbd7 9. Bb5 e5 10. Bxd7 Nxd7 11. dxe5 Nxe5 12. Nxe5 Bxe5 13. Nf3 Bd6 14. O-O Bxg3
15. hxg3 h6 16. Rfe1 Be6 17. a4 Rfd8 18. a5 Rac8 19. Qa4 Bf5 20. Rad1 Rd7 21.
Rd2 Rcd8 22. Kh1 Be4 23. Ng1 Qe5 24. Ne2 Rd6 25. Kg1 Rf6 26. Nf4 g5 27. Nh5 Rfd6
28. g4 Qe6 29. f3 Bg6 30. Ng3 d4 31. cxd4 Rxd4 32. Rxd4 cxd4 33. e4 Qe5 34. Nf1
d3 35. Rd1 Qxb2 36. Kh1 Qe2 37. Qb3 Kh7 38. Kh2 Qc2 39. Qb1 Qc7+ 40. Kh1 Qxa5
41. Qxb7 Qa4 42. Qb1 Qd4 43. Qa1 Qc5 44. Qc1 Qc2 45. Ne3 Qxc1 46. Rxc1 d2 47.
Rd1 Rd3 48. Nf1 Kg7 49. Kg1 f6 50. Kf2 Bf7 51. Rxd2 Rxd2+ 52. Nxd2 a5 53. Nb1
a4 54. Ke3 Bc4 55. g3 Kf7 56. Na3 Ba6 57. f4 Ke6 58. Kd4 Be2 59. Kc5 Bxg4 60.
Kb4 gxf4 61. gxf4 Bf3 62. e5 fxe5 63. fxe5 Kxe5 64. Kxa4 h5 65. Nc4+ Kf4 66. Nb2
Be2 67. Kb3 h4 0-1

[Event "Druzynowe Mistrzostwa Polski Juniorow - Ekstraliga 2018"]
[Site "Kudowa-Zdroj"]
[Date "1899-12-30"]
[Round "8.10"]
[White "Marcinczyk, Monika"]
[Black "Rak, Jacek"]
[Result "1-0"]
[WhiteTitle "WCM"]
[BlackTitle "II"]
[WhiteElo "1891"]
[BlackElo "1457"]

1. e4 c5 2. Nf3 a6 3. d4 cxd4 4. Nxd4 Nf6 5. Nc3 e5 6. Nb3 Bb4 7. Qd3 d5 8. exd5
Nxd5 9. Bd2 Bxc3 10. Bxc3 Nxc3 11. Qxc3 Nc6 12. Be2 O-O 13. O-O Be6 14. Bf3 Bxb3
15. Bxc6 Bd5 16. Ba4 Qg5 17. Qg3 Qxg3 18. hxg3 f6 19. Rfd1 Bf7 20. Rd7 b5 21.
Bb3 Bxb3 22. axb3 Rfc8 23. c3 Rc6 24. Kf1 Rb8 25. Rad1 f5 26. Re7 e4 27. Rdd7
Rg6 28. b4 h6 29. Rf7 Rf8 30. Rxf8+ Kxf8 31. Ra7 Rd6 32. Ke2 Kg8 33. f3 exf3+
34. gxf3 f4 35. gxf4 h5 36. Kf2 Kh7 37. Kg3 Rc6 38. Rd7 Re6 39. Kh4 Re2 40. Rd6
Rxb2 41. Rxa6 g6 42. f5 Rg2 43. Rb6 Rh2+ 44. Kg3 Rc2 45. fxg6+ Kg7 46. Rxb5 Rxc3
47. Rxh5 Kxg6 48. Rc5 Rb3 49. b5 Kf7 50. Kg4 Rb1 51. Kf5 Ke7 52. f4 Rb2 53. Kg6
Rf2 54. Re5+ Kd6 55. Kf5 Rf1 56. b6 Kd7 57. Rb5 Kc8 58. b7+ Kb8 59. Kg5 Rg1+ 60.
Kf6 Rg8 61. f5 Rg1 62. Kf7 Re1 63. f6 Rf1 64. Ke7 Re1+ 65. Kf8 Rh1 66. f7 Re1
67. Kg7 Rg1+ 68. Kf6 Rf1+ 69. Rf5 1-0

[Event "Druzynowe Mistrzostwa Polski Juniorow - Ekstraliga 2018"]
[Site "Kudowa-Zdroj"]
[Date "1899-12-30"]
[Round "8.11"]
[White "Malicka, Maria"]
[Black "Moscicka, Pola"]
[Result "0-1"]
[WhiteTitle "WCM"]
[BlackTitle "k+"]
[WhiteElo "2174"]
[BlackElo "1934"]

1. e4 c6 2. d4 d5 3. Nc3 dxe4 4. Nxe4 Nd7 5. Ng5 Ngf6 6. Bc4 e6 7. Ne2 Nb6 8. Bd3
Be7 9. O-O O-O 10. Ne4 Nxe4 11. Bxe4 c5 12. Be3 cxd4 13. Bxd4 f5 14. Bd3 Bf6 15.
Bc5 Rf7 16. Ba3 e5 17. c3 Be6 18. Qb1 e4 19. Nf4 Bd7 20. Bc2 Qc7 21. Ne2 Bb5 22.
Ng3 Bxf1 23. Qxf1 Rd7 24. Nxf5 Re8 25. Rd1 Rxd1 26. Qxd1 Kh8 27. g3 Nc4 28. Bd6
Qc8 29. Qd5 e3 30. fxe3 Qc6 31. Qf7 Rd8 32. Be7 Ne5 33. Qh5 Nf3+ 34. Kf1 Qc4+
35. Kg2 Qe2+ 36. Kh3 Ng1# 0-1

[Event "Druzynowe Mistrzostwa Polski Juniorow - Ekstraliga 2018"]
[Site "Kudowa-Zdroj"]
[Date "1899-12-30"]
[Round "8.12"]
[White "Trzaskowska, Hanna"]
[Black "Mezykowska, Emilia"]
[Result "1/2-1/2"]
[WhiteTitle "I"]
[BlackTitle "I"]
[WhiteElo "1505"]
[BlackElo "1622"]

1. e4 e5 2. Nf3 Nc6 3. Nc3 Nf6 4. d4 exd4 5. Nxd4 Bb4 6. Nxc6 bxc6 7. Bd3 O-O 8.
O-O d5 9. exd5 cxd5 10. Bg5 c6 11. Qf3 Bd6 12. h3 Rb8 13. Rab1 Be6 14. Ne2 Re8
15. Nd4 Bd7 16. Nf5 Bc7 17. Rfe1 Be6 18. h4 Bxf5 19. Qxf5 Qd6 20. g3 Qd7 21. Rxe8+
Rxe8 22. Bxf6 Qxf5 23. Bxf5 gxf6 24. Bd7 Re2 25. Bxc6 Rxc2 26. Bxd5 Bb6 27. Kg2
Rxf2+ 28. Kh3 Bc7 29. Rc1 Bb6 30. Rc8+ Kg7 31. b4 Rb2 32. Rc4 f5 33. Rf4 f6 34.
Rxf5 Rxb4 35. Rf4 Rxf4 36. gxf4 f5 37. Kg3 Be3 38. Be6 Kf6 39. Bg8 h6 40. h5 Bd2
41. Kf3 Ke5 1/2-1/2